RF Superconductivity for Accelerators : (Record no. 584938)

MARC details
000 -LEADER
fixed length control field 00525nam a2200193 a 4500
008 - FIXED-LENGTH DATA ELEMENTS--GENERAL INFORMATION
fixed length control field 250902s2008##################000#0#eng##
020 ## - INTERNATIONAL STANDARD BOOK NUMBER
ISBN 9783527408429
082 04 - DEWEY DECIMAL CLASSIFICATION NUMBER
Classification number 539.73
Item number PAD
100 1# - MAIN ENTRY--AUTHOR NAME
Personal name Padamsee, Hasan,
245 10 - TITLE STATEMENT
Title RF Superconductivity for Accelerators :
260 ## - PUBLICATION, DISTRIBUTION, ETC. (IMPRINT)
Name of publisher John Wiley & Sons,
Year of publication 2008.
300 ## - PHYSICAL DESCRIPTION
Number of Pages 548 pages
650 #0 - SUBJECT ADDED ENTRY--TOPICAL TERM
Topical Term Technology & Engineering.
942 ## - ADDED ENTRY ELEMENTS (KOHA)
Koha item type English Books
Holdings
Withdrawn status Lost status Damaged status Not for loan Home library Current library Shelving location Date acquired Full call number Accession Number Price effective from Koha item type
        Anna Centenary Library Anna Centenary Library 5TH FLOOR, A WING 02.09.2025 539.73 PAD 128257 02.09.2025 English Books

Find us on the map